Best Cities in the World to Visit - Statistics

General Stats
  • This quiz has been taken 51 times
  • The average score is 19 of 30
Answer Stats
Rank City Country % Correct
#4 New York City United States
98%
#2 Tokyo Japan
89%
#5 Paris France
86%
#3 London United Kingdom
84%
#13 Berlin Germany
82%
#1 Rome Italy
82%
#6 Sydney Australia
82%
#8 Barcelona Spain
77%
#21 Athens Greece
75%
#22 Beijing China
75%
#20 Rio de Janeiro Brazil
75%
#7 Amsterdam Netherlands
70%
#15 Istanbul Türkiye
68%
#29 Seoul South Korea
68%
#24 Cairo Egypt
66%
#18 Copenhagen Denmark
61%
#9 Prague Czechia
61%
#23 Bangkok Thailand
59%
#12 Budapest Hungary
59%
#19 Mexico City Mexico
59%
#25 Singapore Singapore
57%
#10 Vienna Austria
57%
#11 Lisbon Portugal
55%
#26 Cape Town South Africa
50%
#17 Hong Kong China
48%
#16 San Francisco United States
43%
#14 Kyoto Japan
32%
#28 Marrakesh Morocco
27%
#27 Honolulu United States
14%
#30 Québec Canada
9%
No matching quizzes found
Score Distribution
Percent of People with Each Score
Percentile by Number Answered
Your Score History
You have not taken this quiz